00542nam a2200193Ia 450000000250000000300040002500600190002900700140004800800410006204000080010310000110011124500500012226000150017226000220018726000090020994200070021895201060022599900170033100746ngmaa2200277 a 4500RNLg||||fr|||| a0| fzhj bfb|||baap090707b ii f a fnsan d aeng aJagtar aPakistani punjabi kaav da alochnatmak adhiyan aChandigarh bLokgeet Prakashan c2007 cBK 00102ddc40708PunaRNLbRNLcGENd2018-10-02g200.00l0p46404r2018-10-02v200.00w2018-10-02yBK c21853d21853